000 01402nam a2200277 a 4500
008
020 _a186058148X (hbk.)
049 _aMAIN
090 _aNA2560
_bINT
111 2 _aInternational Conference on Designing Cost-Effective Composites
_d(1998 :
_cInstitution of Mechanical Engineers)
245 1 0 _aInternational Conference on Design Cost-Effective Composites :
_b15-16 September 1998, IMechE Headquarters, London, UK /
_corganized by the Joint Board of the IMechE and the Institute of Materials ; co-sponsored by the Institution of Civil Engineerse ... [et al.]
260 _aBury St. Edmunds, Suffolk, UK :
_bPublished by Professional Engineering Publishing Limited for the Institution of Mechanical Engineers,
_cc1998.
300 _a191 p. :
_bill. ;
_c25 cm.
440 0 _aIMechE conference transactions,
_x1356-1448 ;
_v1998-8.
500 _aIncludes index.
504 _aIncludes bibliographical references.
650 0 _aComposite materials
_xDesign and construction
_xCost effectiveness
_vCongresses.
710 2 _aJoint Board of the IMechE and the Institute of Materials.
710 2 _aInstitution of Civil Engineers (Great Britain)
710 2 _aInstitution of Mechanical Engineers (Great Britain)
907 _a.b10196341
_b23-06-08
_c20-03-06
003
005 20230123134204.0
040 _cNUST
942 _cBOOKS
_kNA2560
_mINT
999 _c161589
_d161589